[Event "April 9 Early 2024"]
[Site "Chess.com"]
[Date "2024.04.09"]
[Round "1"]
[White "Vila Dupla, Aurelio"]
[Black "Pavlov, Nikolay"]
[Result "1-0"]
[Board "263"]
[WhiteFideId "2203383"]
[BlackFideId "24141470"]
[WhiteTitle "FM"]
[BlackTitle "FM"]
[WhiteElo "2195"]
[BlackElo "2584"]
[WhiteTeam "ESP"]
[BlackTeam "RUS"]
[WhiteClock "0:00:02"]
[BlackClock "0:00:00"]
[Variant "Standard"]

1. e4 {[%clk 0:02:56]}  c6 {[%clk 0:02:59]} 2. d4 {[%clk 0:02:54]}  d5 {[%clk 0:02:59]} 3. exd5 {[%clk 0:02:54]}  cxd5 {[%clk 0:02:59]} 4. Bd3 {[%clk 0:02:54]}  Nf6 {[%clk 0:02:59]} 5. c3 {[%clk 0:02:51]}  Nc6 {[%clk 0:02:59]} 6. Bf4 {[%clk 0:02:50]}  Bg4 {[%clk 0:02:57]} 7. Qb3 {[%clk 0:02:49]}  Qd7 {[%clk 0:02:58]} 8. h3 {[%clk 0:02:43]}  Bh5 {[%clk 0:02:52]} 9. Nd2 {[%clk 0:02:37]}  e6 {[%clk 0:02:52]} 10. Ngf3 {[%clk 0:02:36]}  Bd6 {[%clk 0:02:50]} 11. Bxd6 {[%clk 0:02:34]}  Qxd6 {[%clk 0:02:50]} 12. O-O {[%clk 0:02:34]}  O-O {[%clk 0:02:48]} 13. Rfe1 {[%clk 0:02:34]}  Qc7 {[%clk 0:02:47]} 14. Ne5 {[%clk 0:02:25]}  Nxe5 {[%clk 0:02:44]} 15. Rxe5 {[%clk 0:02:22]}  Bg6 {[%clk 0:02:44]} 16. Bxg6 {[%clk 0:02:13]}  hxg6 {[%clk 0:02:43]} 17. Re3 {[%clk 0:02:03]}  b5 {[%clk 0:02:39]} 18. Rae1 {[%clk 0:01:59]}  a5 {[%clk 0:02:35]} 19. a3 {[%clk 0:01:59]}  Rfb8 {[%clk 0:02:30]} 20. g3 {[%clk 0:01:27]}  b4 {[%clk 0:02:29]} 21. axb4 {[%clk 0:01:26]}  axb4 {[%clk 0:02:30]} 22. c4 {[%clk 0:01:26]}  dxc4 {[%clk 0:02:24]} 23. Qxc4 {[%clk 0:01:26]}  Qb6 {[%clk 0:02:16]} 24. Nb3 {[%clk 0:01:23]}  Nd5 {[%clk 0:02:12]} 25. Re5 {[%clk 0:01:22]}  Ra2 {[%clk 0:02:01]} 26. R1e2 {[%clk 0:01:21]}  Qb5 {[%clk 0:01:35]} 27. Qxb5 {[%clk 0:01:15]}  Rxb5 {[%clk 0:01:36]} 28. Rc2 {[%clk 0:01:10]}  Rb8 {[%clk 0:01:02]} 29. Kg2 {[%clk 0:01:07]}  Raa8 {[%clk 0:00:32]} 30. h4 {[%clk 0:01:06]}  Rc8 {[%clk 0:00:32]} 31. Ree2 {[%clk 0:01:06]}  Kf8 {[%clk 0:00:31]} 32. Kf3 {[%clk 0:01:05]}  Ke7 {[%clk 0:00:31]} 33. Rc5 {[%clk 0:01:03]}  Rxc5 {[%clk 0:00:22]} 34. dxc5 {[%clk 0:00:55]}  Kd7 {[%clk 0:00:21]} 35. Rc2 {[%clk 0:00:55]}  Kc7 {[%clk 0:00:19]} 36. Nd4 {[%clk 0:00:36]}  Ra2 {[%clk 0:00:18]} 37. Nb5+ {[%clk 0:00:36]}  Kc6 {[%clk 0:00:18]} 38. Nd4+ {[%clk 0:00:36]}  Kc7 {[%clk 0:00:17]} 39. Nb5+ {[%clk 0:00:36]}  Kc6 {[%clk 0:00:13]} 40. Nd4+ {[%clk 0:00:36]}  Kb7 {[%clk 0:00:12]} 41. c6+ {[%clk 0:00:36]}  Kb6 {[%clk 0:00:12]} 42. g4 {[%clk 0:00:15]}  Ra1 {[%clk 0:00:12]} 43. Nb3 {[%clk 0:00:13]}  Ra8 {[%clk 0:00:09]} 44. Nd4 {[%clk 0:00:10]}  Rc8 {[%clk 0:00:08]} 45. Ke4 {[%clk 0:00:10]}  Ne7 {[%clk 0:00:08]} 46. c7 {[%clk 0:00:08]}  Rxc7 {[%clk 0:00:07]} 47. Rxc7 {[%clk 0:00:08]}  Kxc7 {[%clk 0:00:08]} 48. Nc2 {[%clk 0:00:08]}  Nd5 {[%clk 0:00:08]} 49. Kd4 {[%clk 0:00:07]}  Kb6 {[%clk 0:00:04]} 50. Kc4 {[%clk 0:00:07]}  Ka5 {[%clk 0:00:04]} 51. Nd4 {[%clk 0:00:07]}  Nf4 {[%clk 0:00:03]} 52. Nb3+ {[%clk 0:00:07]}  Kb6 {[%clk 0:00:03]} 53. Kxb4 {[%clk 0:00:06]}  Ng2 {[%clk 0:00:04]} 54. h5 {[%clk 0:00:05]}  gxh5 {[%clk 0:00:04]} 55. gxh5 {[%clk 0:00:04]}  Nf4 {[%clk 0:00:05]} 56. Nd4 {[%clk 0:00:02]}  Nxh5 {[%clk 0:00:05]} 57. Nf3 {[%clk 0:00:03]}  f6 {[%clk 0:00:04]} 58. Kc4 {[%clk 0:00:03]}  Nf4 {[%clk 0:00:04]} 59. Kd4 {[%clk 0:00:03]}  Kc6 {[%clk 0:00:03]} 60. Nd2 {[%clk 0:00:03]}  Nd5 {[%clk 0:00:03]} 61. Nc4 {[%clk 0:00:02]}  Nb4 {[%clk 0:00:01]} 62. b3 {[%clk 0:00:02]}  g5 {[%clk 0:00:00]} 63. Ne3 {[%clk 0:00:02]} 1-0

[Event "April 9 Early 2024"]
[Site "Chess.com"]
[Date "2024.04.09"]
[Round "1"]
[White "Ibadov, Dashgyn"]
[Black "Shyam Gandhi"]
[Result "1-0"]
[Board "268"]
[WhiteFideId "24107514"]
[BlackFideId "2052008"]
[WhiteTitle "IM"]
[WhiteElo "2579"]
[BlackElo "2178"]
[WhiteTeam "FID"]
[BlackTeam "USA"]
[WhiteClock "0:02:30"]
[BlackClock "0:02:09"]
[Variant "Standard"]

1. e4 {[%clk 0:02:46]}  d5 {[%clk 0:02:59]} 2. exd5 {[%clk 0:02:45]}  Qxd5 {[%clk 0:03:00]} 3. Nc3 {[%clk 0:02:41]}  Qd8 {[%clk 0:03:00]} 4. d4 {[%clk 0:02:42]}  Nf6 {[%clk 0:02:59]} 5. Nf3 {[%clk 0:02:42]}  Bg4 {[%clk 0:02:59]} 6. h3 {[%clk 0:02:42]}  Bxf3 {[%clk 0:02:50]} 7. Qxf3 {[%clk 0:02:43]}  Nc6 {[%clk 0:02:50]} 8. d5 {[%clk 0:02:31]}  Nb4 {[%clk 0:02:39]} 9. Bb5+ {[%clk 0:02:30]}  c6 {[%clk 0:02:31]} 10. dxc6 {[%clk 0:02:31]}  Nxc2+ {[%clk 0:02:31]} 11. Kf1 {[%clk 0:02:31]}  bxc6 {[%clk 0:02:16]} 12. Bxc6+ {[%clk 0:02:31]}  Nd7 {[%clk 0:02:16]} 13. Bxd7+ {[%clk 0:02:32]}  Kxd7 {[%clk 0:02:14]} 14. Qd3+ {[%clk 0:02:30]}  Ke8 {[%clk 0:02:09]} 15. Qxc2 {[%clk 0:02:30]} 1-0

[Event "April 9 Early 2024"]
[Site "Chess.com"]
[Date "2024.04.09"]
[Round "1"]
[White "Hartikainen, Jarmo"]
[Black "Bagrationi, Alexander"]
[Result "0-1"]
[Board "269"]
[WhiteFideId "503134"]
[BlackFideId "14104954"]
[WhiteTitle "CM"]
[BlackTitle "GM"]
[WhiteElo "2166"]
[BlackElo "2579"]
[WhiteTeam "FIN"]
[BlackTeam "ISR"]
[WhiteClock "0:00:00"]
[BlackClock "0:00:55"]
[Variant "Standard"]

1. e4 {[%clk 0:02:59]}  e6 {[%clk 0:02:59]} 2. d4 {[%clk 0:02:59]}  d5 {[%clk 0:03:00]} 3. Nd2 {[%clk 0:02:58]}  Nf6 {[%clk 0:02:59]} 4. e5 {[%clk 0:02:58]}  Nfd7 {[%clk 0:02:59]} 5. Bd3 {[%clk 0:02:58]}  c5 {[%clk 0:03:00]} 6. c3 {[%clk 0:02:58]}  Nc6 {[%clk 0:03:00]} 7. Ngf3 {[%clk 0:02:58]}  g5 {[%clk 0:02:53]} 8. O-O {[%clk 0:02:47]}  g4 {[%clk 0:02:53]} 9. Ne1 {[%clk 0:02:45]}  h5 {[%clk 0:02:46]} 10. f4 {[%clk 0:02:41]}  cxd4 {[%clk 0:02:42]} 11. cxd4 {[%clk 0:02:39]}  Nxd4 {[%clk 0:02:43]} 12. Nb3 {[%clk 0:02:34]}  Nxb3 {[%clk 0:02:20]} 13. Qxb3 {[%clk 0:02:33]}  Nc5 {[%clk 0:02:19]} 14. Bb5+ {[%clk 0:02:30]}  Bd7 {[%clk 0:02:19]} 15. Bxd7+ {[%clk 0:02:29]}  Qxd7 {[%clk 0:02:19]} 16. Qd1 {[%clk 0:02:15]}  Ne4 {[%clk 0:02:13]} 17. Nd3 {[%clk 0:02:10]}  O-O-O {[%clk 0:02:09]} 18. b4 {[%clk 0:01:52]}  Kb8 {[%clk 0:02:05]} 19. a4 {[%clk 0:01:41]}  Rc8 {[%clk 0:02:05]} 20. Bd2 {[%clk 0:01:36]}  Be7 {[%clk 0:01:55]} 21. Nf2 {[%clk 0:01:29]}  Nxf2 {[%clk 0:01:44]} 22. Rxf2 {[%clk 0:01:29]}  Rc4 {[%clk 0:01:45]} 23. Qb3 {[%clk 0:01:14]}  Rhc8 {[%clk 0:01:39]} 24. a5 {[%clk 0:00:56]}  Qb5 {[%clk 0:01:37]} 25. Rb1 {[%clk 0:00:50]}  Re4 {[%clk 0:01:19]} 26. Be1 {[%clk 0:00:09]}  Qc4 {[%clk 0:01:08]} 27. Rfb2 {[%clk 0:00:08]}  Qxb3 {[%clk 0:01:06]} 28. Rxb3 {[%clk 0:00:08]}  Rxf4 {[%clk 0:01:06]} 29. g3 {[%clk 0:00:08]}  Rf5 {[%clk 0:01:03]} 30. Bf2 {[%clk 0:00:08]}  Rxe5 {[%clk 0:01:02]} 31. b5 {[%clk 0:00:08]}  Re4 {[%clk 0:01:01]} 32. b6 {[%clk 0:00:07]}  a6 {[%clk 0:01:01]} 33. Kg2 {[%clk 0:00:02]}  f5 {[%clk 0:01:01]} 34. R1b2 {[%clk 0:00:03]}  Rcc4 {[%clk 0:00:57]} 35. Rd3 {[%clk 0:00:01]}  Kc8 {[%clk 0:00:56]} 36. Rbd2 {[%clk 0:00:01]}  Kd7 {[%clk 0:00:56]} 37. Rd4 {[%clk 0:00:01]}  Rexd4 {[%clk 0:00:55]} 38. Bxd4 {[%clk 0:00:00]}  Bb4 {[%clk 0:00:55]} 0-1

[Event "April 9 Early 2024"]
[Site "Chess.com"]
[Date "2024.04.09"]
[Round "1"]
[White "De Boer, Eelke"]
[Black "Monpeurt, Cyrielle"]
[Result "0-1"]
[Board "270"]
[WhiteFideId "1048120"]
[BlackFideId "677400"]
[WhiteTitle "FM"]
[BlackTitle "WFM"]
[WhiteElo "2577"]
[BlackElo "2162"]
[WhiteTeam "NED"]
[BlackTeam "FRA"]
[WhiteClock "0:00:01"]
[BlackClock "0:00:57"]
[Variant "Standard"]

1. e4 {[%clk 0:02:58]}  d5 {[%clk 0:02:59]} 2. exd5 {[%clk 0:02:58]}  Qxd5 {[%clk 0:03:00]} 3. Nc3 {[%clk 0:02:58]}  Qd6 {[%clk 0:03:01]} 4. d4 {[%clk 0:02:58]}  Nf6 {[%clk 0:03:01]} 5. Nf3 {[%clk 0:02:58]}  Bg4 {[%clk 0:03:01]} 6. h3 {[%clk 0:02:55]}  Bh5 {[%clk 0:03:00]} 7. g4 {[%clk 0:02:45]}  Bg6 {[%clk 0:02:59]} 8. Ne5 {[%clk 0:02:44]}  Nc6 {[%clk 0:02:54]} 9. Nxg6 {[%clk 0:02:29]}  hxg6 {[%clk 0:02:51]} 10. Be3 {[%clk 0:02:29]}  O-O-O {[%clk 0:02:48]} 11. Bg2 {[%clk 0:02:00]}  Nxd4 {[%clk 0:02:41]} 12. O-O {[%clk 0:02:00]}  e5 {[%clk 0:02:32]} 13. f4 {[%clk 0:01:58]}  exf4 {[%clk 0:02:22]} 14. Rxf4 {[%clk 0:01:50]}  Ne6 {[%clk 0:02:12]} 15. Qxd6 {[%clk 0:01:47]}  Bxd6 {[%clk 0:02:13]} 16. Rc4 {[%clk 0:01:47]}  Kb8 {[%clk 0:02:07]} 17. Rf1 {[%clk 0:01:46]}  g5 {[%clk 0:01:52]} 18. Rf5 {[%clk 0:01:30]}  Nf4 {[%clk 0:01:45]} 19. Rxg5 {[%clk 0:00:20]}  Nxh3+ {[%clk 0:01:39]} 20. Bxh3 {[%clk 0:00:21]}  Rxh3 {[%clk 0:01:40]} 21. Bd4 {[%clk 0:00:17]}  Rg3+ {[%clk 0:01:34]} 22. Kf1 {[%clk 0:00:08]}  Rxg4 {[%clk 0:01:30]} 23. Rxg4 {[%clk 0:00:03]}  Nxg4 {[%clk 0:01:31]} 24. Bxa7+ {[%clk 0:00:01]}  Kxa7 {[%clk 0:01:28]} 25. Rxg4 {[%clk 0:00:02]}  Be5 {[%clk 0:01:24]} 26. Nb5+ {[%clk 0:00:02]}  Kb8 {[%clk 0:01:24]} 27. c3 {[%clk 0:00:02]}  Rd2 {[%clk 0:01:19]} 28. Re4 {[%clk 0:00:02]}  f6 {[%clk 0:01:17]} 29. Rh4 {[%clk 0:00:02]}  b6 {[%clk 0:01:13]} 30. b4 {[%clk 0:00:01]}  Rxa2 {[%clk 0:01:12]} 31. c4 {[%clk 0:00:02]}  Rb2 {[%clk 0:01:08]} 32. c5 {[%clk 0:00:02]}  bxc5 {[%clk 0:01:08]} 33. Na3 {[%clk 0:00:02]}  cxb4 {[%clk 0:01:06]} 34. Nc4 {[%clk 0:00:02]}  Rb1+ {[%clk 0:01:04]} 35. Ke2 {[%clk 0:00:02]}  b3 {[%clk 0:01:02]} 36. Na5 {[%clk 0:00:02]}  b2 {[%clk 0:01:01]} 37. Rb4+ {[%clk 0:00:02]}  Kc8 {[%clk 0:00:58]} 38. Nc4 {[%clk 0:00:02]}  Rh1 {[%clk 0:00:55]} 39. Nxb2 {[%clk 0:00:01]}  Bxb2 {[%clk 0:00:56]} 40. Rxb2 {[%clk 0:00:01]}  Rh2+ {[%clk 0:00:57]} 41. Kf3 {[%clk 0:00:01]}  Rxb2 {[%clk 0:00:57]} 0-1

[Event "April 9 Early 2024"]
[Site "Chess.com"]
[Date "2024.04.09"]
[Round "1"]
[White "Butti, Enrique"]
[Black "Maltsevskaya, Aleksandra"]
[Result "0-1"]
[Board "271"]
[WhiteFideId "3700470"]
[BlackFideId "24174041"]
[WhiteTitle "CM"]
[BlackTitle "IM"]
[WhiteElo "2161"]
[BlackElo "2577"]
[WhiteTeam "PAR"]
[BlackTeam "POL"]
[WhiteClock "0:01:07"]
[BlackClock "0:01:30"]
[Variant "Standard"]

1. d4 {[%clk 0:02:59]}  Nf6 {[%clk 0:02:47]} 2. Nf3 {[%clk 0:02:59]}  g6 {[%clk 0:02:46]} 3. c4 {[%clk 0:02:58]}  d6 {[%clk 0:02:44]} 4. Nc3 {[%clk 0:02:57]}  Bg7 {[%clk 0:02:44]} 5. Bg5 {[%clk 0:02:57]}  O-O {[%clk 0:02:45]} 6. e3 {[%clk 0:02:57]}  c6 {[%clk 0:02:40]} 7. Be2 {[%clk 0:02:56]}  a6 {[%clk 0:02:40]} 8. O-O {[%clk 0:02:52]}  b5 {[%clk 0:02:37]} 9. a3 {[%clk 0:02:51]}  Nbd7 {[%clk 0:02:35]} 10. Qc2 {[%clk 0:02:43]}  Bb7 {[%clk 0:02:30]} 11. Rfd1 {[%clk 0:02:35]}  bxc4 {[%clk 0:02:24]} 12. Bxc4 {[%clk 0:02:35]}  c5 {[%clk 0:02:25]} 13. Be2 {[%clk 0:02:28]}  Rc8 {[%clk 0:02:24]} 14. d5 {[%clk 0:02:25]}  c4 {[%clk 0:02:19]} 15. e4 {[%clk 0:02:21]}  Qb6 {[%clk 0:02:17]} 16. Be3 {[%clk 0:02:14]}  Qa5 {[%clk 0:02:17]} 17. Nd2 {[%clk 0:02:13]}  Qc7 {[%clk 0:02:09]} 18. Nxc4 {[%clk 0:02:08]}  Nc5 {[%clk 0:02:06]} 19. Bd4 {[%clk 0:02:00]}  a5 {[%clk 0:01:57]} 20. Rac1 {[%clk 0:01:59]}  Ba6 {[%clk 0:01:56]} 21. b4 {[%clk 0:01:52]}  axb4 {[%clk 0:01:56]} 22. axb4 {[%clk 0:01:51]}  Ncd7 {[%clk 0:01:53]} 23. b5 {[%clk 0:01:50]}  Bb7 {[%clk 0:01:52]} 24. b6 {[%clk 0:01:48]}  Qb8 {[%clk 0:01:47]} 25. Qb3 {[%clk 0:01:33]}  Nc5 {[%clk 0:01:40]} 26. Bxc5 {[%clk 0:01:33]}  Rxc5 {[%clk 0:01:36]} 27. Nb5 {[%clk 0:01:23]}  Nxe4 {[%clk 0:01:35]} 28. Qe3 {[%clk 0:01:19]}  Nf6 {[%clk 0:01:32]} 29. Qxe7 {[%clk 0:01:17]}  Rxb5 {[%clk 0:01:30]} 30. Nxd6 {[%clk 0:01:07]}  Rxb6 {[%clk 0:01:30]} 0-1

[Event "April 9 Early 2024"]
[Site "Chess.com"]
[Date "2024.04.09"]
[Round "1"]
[White "Domingo Nunez, Alejandro"]
[Black "Ho, In Hei Henry"]
[Result "1-0"]
[Board "272"]
[WhiteFideId "22245561"]
[BlackFideId "6002552"]
[WhiteTitle "FM"]
[BlackTitle "FM"]
[WhiteElo "2576"]
[BlackElo "2149"]
[WhiteTeam "ESP"]
[BlackTeam "HKG"]
[WhiteClock "0:00:05"]
[BlackClock "0:00:00"]
[Variant "Standard"]

1. Nf3 {[%clk 0:03:00]}  Nf6 {[%clk 0:02:59]} 2. g3 {[%clk 0:02:58]}  d5 {[%clk 0:03:00]} 3. Bg2 {[%clk 0:02:57]}  g6 {[%clk 0:03:00]} 4. b3 {[%clk 0:02:55]}  Bg7 {[%clk 0:03:01]} 5. Bb2 {[%clk 0:02:56]}  O-O {[%clk 0:02:59]} 6. c4 {[%clk 0:02:54]}  c6 {[%clk 0:02:57]} 7. O-O {[%clk 0:02:54]}  Bg4 {[%clk 0:02:50]} 8. Ne5 {[%clk 0:02:51]}  Be6 {[%clk 0:02:36]} 9. d4 {[%clk 0:02:48]}  Nbd7 {[%clk 0:02:36]} 10. Nxd7 {[%clk 0:02:16]}  Qxd7 {[%clk 0:02:27]} 11. Nd2 {[%clk 0:02:16]}  Bh3 {[%clk 0:02:17]} 12. Qc2 {[%clk 0:02:16]}  Bxg2 {[%clk 0:02:09]} 13. Kxg2 {[%clk 0:02:17]}  Rac8 {[%clk 0:02:08]} 14. Rad1 {[%clk 0:02:14]}  Rfe8 {[%clk 0:02:06]} 15. e4 {[%clk 0:02:11]}  dxe4 {[%clk 0:02:04]} 16. Nxe4 {[%clk 0:02:11]}  Nxe4 {[%clk 0:02:01]} 17. Qxe4 {[%clk 0:02:12]}  Qc7 {[%clk 0:01:54]} 18. Qe2 {[%clk 0:01:49]}  Rcd8 {[%clk 0:01:50]} 19. Rfe1 {[%clk 0:01:49]}  e6 {[%clk 0:01:46]} 20. Rd2 {[%clk 0:01:41]}  Qa5 {[%clk 0:01:43]} 21. a3 {[%clk 0:01:22]}  c5 {[%clk 0:01:35]} 22. Red1 {[%clk 0:01:12]}  cxd4 {[%clk 0:01:31]} 23. b4 {[%clk 0:01:11]}  Qb6 {[%clk 0:01:23]} 24. c5 {[%clk 0:01:03]}  Qc6+ {[%clk 0:01:23]} 25. Kg1 {[%clk 0:01:03]}  e5 {[%clk 0:01:19]} 26. Qc4 {[%clk 0:01:01]}  a6 {[%clk 0:01:15]} 27. Rc1 {[%clk 0:01:00]}  Qd5 {[%clk 0:01:05]} 28. Qxd5 {[%clk 0:00:47]}  Rxd5 {[%clk 0:01:05]} 29. Rc4 {[%clk 0:00:48]}  Rdd8 {[%clk 0:01:03]} 30. a4 {[%clk 0:00:45]}  Kf8 {[%clk 0:01:01]} 31. b5 {[%clk 0:00:44]}  axb5 {[%clk 0:01:01]} 32. axb5 {[%clk 0:00:45]}  f5 {[%clk 0:00:54]} 33. c6 {[%clk 0:00:45]}  bxc6 {[%clk 0:00:54]} 34. bxc6 {[%clk 0:00:46]}  Rc8 {[%clk 0:00:48]} 35. f4 {[%clk 0:00:42]}  exf4 {[%clk 0:00:40]} 36. gxf4 {[%clk 0:00:43]}  Re4 {[%clk 0:00:39]} 37. c7 {[%clk 0:00:40]}  Rxf4 {[%clk 0:00:30]} 38. Ba3+ {[%clk 0:00:41]}  Ke8 {[%clk 0:00:27]} 39. Rc6 {[%clk 0:00:33]}  Kd7 {[%clk 0:00:23]} 40. Rc5 {[%clk 0:00:25]}  Rxc7 {[%clk 0:00:20]} 41. Rd5+ {[%clk 0:00:25]}  Kc8 {[%clk 0:00:18]} 42. Bd6 {[%clk 0:00:25]}  Rg4+ {[%clk 0:00:18]} 43. Kf2 {[%clk 0:00:25]}  Rc3 {[%clk 0:00:17]} 44. Rb2 {[%clk 0:00:24]}  Rh4 {[%clk 0:00:13]} 45. Bg3 {[%clk 0:00:11]}  Rxg3 {[%clk 0:00:08]} 46. Kxg3 {[%clk 0:00:12]}  Rg4+ {[%clk 0:00:08]} 47. Kf3 {[%clk 0:00:12]}  Kc7 {[%clk 0:00:07]} 48. Rc2+ {[%clk 0:00:11]}  Kb6 {[%clk 0:00:06]} 49. Rd8 {[%clk 0:00:12]}  Be5 {[%clk 0:00:04]} 50. Rd5 {[%clk 0:00:05]}  Re4 {[%clk 0:00:00]} 51. Rc1 {[%clk 0:00:05]} 1-0

[Event "April 9 Early 2024"]
[Site "Chess.com"]
[Date "2024.04.09"]
[Round "1"]
[White "Yagupov, Igor"]
[Black "Donatti, Alvaro"]
[Result "0-1"]
[Board "274"]
[WhiteFideId "4113632"]
[BlackFideId "3000303"]
[WhiteTitle "GM"]
[WhiteElo "2576"]
[BlackElo "2139"]
[WhiteTeam "RUS"]
[BlackTeam "URU"]
[WhiteClock "0:01:08"]
[BlackClock "0:01:31"]
[Variant "Standard"]

1. e4 {[%clk 0:02:46]}  c5 {[%clk 0:02:58]} 2. Nf3 {[%clk 0:02:45]}  e6 {[%clk 0:02:58]} 3. d4 {[%clk 0:02:44]}  cxd4 {[%clk 0:02:58]} 4. Nxd4 {[%clk 0:02:45]}  Bc5 {[%clk 0:02:58]} 5. Nb3 {[%clk 0:02:45]}  Bb6 {[%clk 0:02:57]} 6. Nc3 {[%clk 0:02:42]}  a6 {[%clk 0:02:57]} 7. Bd3 {[%clk 0:02:35]}  Ne7 {[%clk 0:02:56]} 8. e5 {[%clk 0:02:29]}  Nbc6 {[%clk 0:02:54]} 9. Qe2 {[%clk 0:02:26]}  O-O {[%clk 0:02:49]} 10. Bf4 {[%clk 0:02:24]}  f5 {[%clk 0:02:45]} 11. h4 {[%clk 0:02:18]}  Nd4 {[%clk 0:02:33]} 12. Nxd4 {[%clk 0:02:16]}  Bxd4 {[%clk 0:02:32]} 13. O-O-O {[%clk 0:02:10]}  Bxc3 {[%clk 0:02:32]} 14. bxc3 {[%clk 0:02:09]}  Qa5 {[%clk 0:02:32]} 15. Kb2 {[%clk 0:02:04]}  Nd5 {[%clk 0:02:31]} 16. Bd2 {[%clk 0:02:03]}  Nb6 {[%clk 0:02:21]} 17. Ka1 {[%clk 0:02:00]}  Na4 {[%clk 0:02:16]} 18. Qe1 {[%clk 0:01:58]}  b5 {[%clk 0:02:11]} 19. c4 {[%clk 0:01:55]}  Qb6 {[%clk 0:02:08]} 20. Rb1 {[%clk 0:01:52]}  Bb7 {[%clk 0:01:58]} 21. f3 {[%clk 0:01:44]}  Qd4+ {[%clk 0:01:53]} 22. c3 {[%clk 0:01:36]}  Qxd3 {[%clk 0:01:51]} 23. c5 {[%clk 0:01:29]}  Bd5 {[%clk 0:01:45]} 24. Qd1 {[%clk 0:01:17]}  Rfc8 {[%clk 0:01:36]} 25. Be1 {[%clk 0:01:08]}  Qc4 {[%clk 0:01:32]} 26. Rb4 {[%clk 0:01:08]}  Qxa2# {[%clk 0:01:31]} 0-1

[Event "April 9 Early 2024"]
[Site "Chess.com"]
[Date "2024.04.09"]
[Round "1"]
[White "Dovzik, Juri"]
[Black "Iljin, Timofey"]
[Result "0-1"]
[Board "275"]
[WhiteFideId "14100223"]
[BlackFideId "14110180"]
[WhiteTitle "IM"]
[BlackTitle "IM"]
[WhiteElo "2139"]
[BlackElo "2574"]
[WhiteTeam "UKR"]
[BlackTeam "UKR"]
[WhiteClock "0:00:00"]
[BlackClock "0:00:39"]
[Variant "Standard"]

1. Nf3 {[%clk 0:02:56]}  Nf6 {[%clk 0:02:58]} 2. b3 {[%clk 0:02:53]}  g6 {[%clk 0:02:59]} 3. Bb2 {[%clk 0:02:53]}  Bg7 {[%clk 0:02:59]} 4. e4 {[%clk 0:02:49]}  d6 {[%clk 0:03:00]} 5. d3 {[%clk 0:02:37]}  O-O {[%clk 0:03:00]} 6. Be2 {[%clk 0:02:33]}  e5 {[%clk 0:03:00]} 7. O-O {[%clk 0:02:31]}  Nc6 {[%clk 0:02:57]} 8. h3 {[%clk 0:02:27]}  h6 {[%clk 0:02:47]} 9. c4 {[%clk 0:02:20]}  Nh7 {[%clk 0:02:44]} 10. Nc3 {[%clk 0:01:59]}  f5 {[%clk 0:02:43]} 11. exf5 {[%clk 0:01:56]}  gxf5 {[%clk 0:02:44]} 12. Re1 {[%clk 0:01:49]}  Ng5 {[%clk 0:02:36]} 13. Nd5 {[%clk 0:01:35]}  Be6 {[%clk 0:02:33]} 14. Nxg5 {[%clk 0:01:28]}  hxg5 {[%clk 0:02:33]} 15. Bf3 {[%clk 0:01:22]}  Rb8 {[%clk 0:02:24]} 16. b4 {[%clk 0:01:20]}  Ne7 {[%clk 0:02:11]} 17. Nxe7+ {[%clk 0:01:14]}  Qxe7 {[%clk 0:02:12]} 18. Rc1 {[%clk 0:01:01]}  Qf7 {[%clk 0:02:02]} 19. Qd2 {[%clk 0:00:55]}  Bh6 {[%clk 0:01:51]} 20. g3 {[%clk 0:00:41]}  Qg6 {[%clk 0:01:45]} 21. g4 {[%clk 0:00:34]}  fxg4 {[%clk 0:01:42]} 22. Bxg4 {[%clk 0:00:30]}  Bxg4 {[%clk 0:01:38]} 23. hxg4 {[%clk 0:00:30]}  Rf4 {[%clk 0:01:31]} 24. Re4 {[%clk 0:00:28]}  Rbf8 {[%clk 0:00:54]} 25. Rce1 {[%clk 0:00:22]}  Qe6 {[%clk 0:00:46]} 26. Qe2 {[%clk 0:00:00]}  Bg7 {[%clk 0:00:39]} 0-1

[Event "April 9 Early 2024"]
[Site "Chess.com"]
[Date "2024.04.09"]
[Round "1"]
[White "Feliz Dotel, Dewar Bienvenido"]
[Black "Al-Tarboush, Ward"]
[Result "0-1"]
[Board "279"]
[WhiteFideId "6402801"]
[BlackFideId "7601450"]
[WhiteTitle "CM"]
[BlackTitle "FM"]
[WhiteElo "2115"]
[BlackElo "2573"]
[WhiteTeam "DOM"]
[BlackTeam "NOR"]
[WhiteClock "0:00:00"]
[BlackClock "0:00:24"]
[Variant "Standard"]

1. c4 {[%clk 0:02:59]}  c5 {[%clk 0:02:58]} 2. Nc3 {[%clk 0:02:58]}  Nc6 {[%clk 0:02:54]} 3. g3 {[%clk 0:02:58]}  g6 {[%clk 0:02:54]} 4. Bg2 {[%clk 0:02:58]}  Bg7 {[%clk 0:02:55]} 5. e3 {[%clk 0:02:57]}  e5 {[%clk 0:02:54]} 6. Nge2 {[%clk 0:02:55]}  Nge7 {[%clk 0:02:54]} 7. d4 {[%clk 0:02:53]}  exd4 {[%clk 0:02:52]} 8. exd4 {[%clk 0:02:53]}  cxd4 {[%clk 0:02:45]} 9. Nb5 {[%clk 0:02:49]}  O-O {[%clk 0:02:44]} 10. Nbxd4 {[%clk 0:02:33]}  Nxd4 {[%clk 0:02:43]} 11. Nxd4 {[%clk 0:02:30]}  Qa5+ {[%clk 0:02:39]} 12. Bd2 {[%clk 0:02:26]}  Qc5 {[%clk 0:02:39]} 13. Bc3 {[%clk 0:01:25]}  Qxc4 {[%clk 0:02:37]} 14. Qb3 {[%clk 0:01:09]}  Qxb3 {[%clk 0:02:25]} 15. axb3 {[%clk 0:01:08]}  Nc6 {[%clk 0:02:22]} 16. Nb5 {[%clk 0:01:02]}  Re8+ {[%clk 0:00:57]} 17. Kf1 {[%clk 0:01:00]}  Rd8 {[%clk 0:00:47]} 18. Nd6 {[%clk 0:00:46]}  b6 {[%clk 0:00:44]} 19. Bd5 {[%clk 0:00:37]}  Rf8 {[%clk 0:00:39]} 20. Kg2 {[%clk 0:00:20]}  a5 {[%clk 0:00:38]} 21. Rhe1 {[%clk 0:00:19]}  Ba6 {[%clk 0:00:37]} 22. Nc4 {[%clk 0:00:14]}  Bxc4 {[%clk 0:00:29]} 23. bxc4 {[%clk 0:00:12]}  Bxc3 {[%clk 0:00:29]} 24. bxc3 {[%clk 0:00:12]}  Rfe8 {[%clk 0:00:29]} 25. f4 {[%clk 0:00:10]}  Rxe1 {[%clk 0:00:27]} 26. Rxe1 {[%clk 0:00:10]}  Kf8 {[%clk 0:00:28]} 27. Ra1 {[%clk 0:00:05]}  Rc8 {[%clk 0:00:27]} 28. Kf3 {[%clk 0:00:03]}  Ne7 {[%clk 0:00:27]} 29. Ke4 {[%clk 0:00:00]}  Rc5 {[%clk 0:00:24]} 0-1